الامانة العلمية لدى طلبة الدراسات العليا والعوامل المؤثرة فيها / (رقم التسجيلة. 146580)

تفاصيل مارك
000 -الفاتح
عناصر البيانات ثابتة الطول 00788cam a2200205 i 4500
005 - تاريخ ووقت آخر معاملة
حقل ضبط 20260203112459.0
008 - عناصر البيانات ثابتة الطول
عناصر البيانات ثابتة الطول 250721s2023 jo gr 000 0 ara d
020 ## - الترقيم الدولي المعياري للكتب (ردمك)
الترقيم الدولي المعياري للكتب (ردمك) 9789923779774
082 14 - رقم تصنيف ديوي العشري
رقم التصنيف 378.155
رقم المادة ف و ا
100 1# - مدخل رئيسي – اسم شخصي
الاسم الشخصي فواخرجي، سهيلة احمد
245 12 - بيان العنوان
العنوان الامانة العلمية لدى طلبة الدراسات العليا والعوامل المؤثرة فيها /
بيان المسؤولية تأليف سهيلة أحمد فواخرجي.
250 ## - بيان الطبعة
بيان الطبعة الطبعة الأولى.
264 31 - بيانات النشر، التوزيع…إلخ
مكان النشر، التوزيع...إلخ عمان :
اسم الناشر، الموزع...إلخ زاد ناشرون وموزعون،
تاريخ النشر، التوزيع...إلخ 2023.
300 ## - الوصف المادي
عدد الوحدات المكونة للوعاء 135 صفحة.
650 17 - مدخل إضافي بالموضوع - مصطلح موضوعي
مصطلح موضوعي أو اسم جغرافي كعنصر مدخل الدرسات العليا.
650 17 - مدخل إضافي بالموضوع - مصطلح موضوعي
مصطلح موضوعي أو اسم جغرافي كعنصر مدخل حقوق المؤلفين.
650 17 - مدخل إضافي بالموضوع - مصطلح موضوعي
مصطلح موضوعي أو اسم جغرافي كعنصر مدخل الابحاث العلمية.
942 ## - بيانات إضافية (كوها)
نوع التنصيف Dewey Decimal Classification
نوع المادة (كوها) كتب
المقتنيات
حالة السحب حالة الفقدان مصدر التصنيف حالة التلف غير قابل للإعارة المكتبة الرئيسية المكتبة الحالية موقع الرف تاريخ التزويد الرقم المتسلسل Total Checkouts رقم الإستدعاء الباركود تاريخ آخر ظهور تاريخ الفاتورة نوع المادة (كوها)
    Dewey Decimal Classification     المكتبة المركزية المكتبة المركزية الإعارة 28/07/2025 1787620   378.155 / ف و ا PLD00510518 28/07/2025 28/07/2025 كتب
    Dewey Decimal Classification     مكتبة أبو علندا العامة مكتبة أبو علندا العامة الإعارة 06/08/2024 ا1787627   378.155/فوا PLD00511389 28/07/2025 06/08/2024 كتب
    Dewey Decimal Classification     مكتبة أم قصير والمقابلين العامة مكتبة أم قصير والمقابلين العامة الإعارة 06/08/2024 ا1787624   378.155/فوا PLD00511386 28/07/2025 06/08/2024 كتب
    Dewey Decimal Classification     مكتبة الأميرة ايمان العامة مكتبة الأميرة ايمان العامة الإعارة 06/08/2024 ا1787621   378.155/فوا PLD00511383 28/07/2025 06/08/2024 كتب
Withdrawn   Dewey Decimal Classification     مكتبة الاميرة بديعة مكتبة الاميرة بديعة الإعارة 06/08/2024 ا1787625   378.155/فوا PLD00511387 28/07/2025 06/08/2024 كتب
    Dewey Decimal Classification     مكتبة الجويدة مكتبة الجويدة الإعارة 06/08/2024 ا1787628   378.155/فوا PLD00511390 28/07/2025 06/08/2024 كتب
    Dewey Decimal Classification     مكتبة الحسن العامة مكتبة الحسن العامة الإعارة 06/08/2024 ا1787626   378.155/فوا PLD00511388 28/07/2025 06/08/2024 كتب
    Dewey Decimal Classification     مكتبة حمزة العامة مكتبة حمزة العامة الإعارة 06/08/2024 ا1787629   378.155/فوا PLD00511391 28/07/2025 06/08/2024 كتب
    Dewey Decimal Classification     مكتبة صويلح العامة مكتبة صويلح العامة الإعارة 06/08/2024 ا1787623   378.155/فوا PLD00511385 28/07/2025 06/08/2024 كتب
    Dewey Decimal Classification     مكتبة وادي السير العامة مكتبة وادي السير العامة الإعارة 06/08/2024 ا1787622   378.155/فوا PLD00511384 28/07/2025 06/08/2024 كتب
Implemented & Customized by: BBB with SCIT (Smart Chains for Information Technology)

Powered by Koha